Naruto Characters by Clue - Statistics

General Stats
  • This quiz has been taken 419 times
  • The average score is 32 of 41
Answer Stats
clue Answer % Correct
Naruto's Father Minato
99%
Sasuke's target Itachi
96%
sand fighting Gaara
93%
Sasuke's rival Naruto
92%
"what a drag" Shikamaru
92%
Orochimaru's assistant Kabuto
91%
don't call him fat Choji
88%
the masked man Obito
88%
one of the three legendary sannin Orochimaru
88%
Pain Nagato
86%
fights better while drunk Rock
86%
Sakura's opponent Ino
83%
Sasuke's replacement Sai
83%
fights with paper Konan
82%
Obito saw Kakashi kill her Rin
82%
bet her necklace on Naruto's rasengan Tsunade
82%
frog master Jiraiya
81%
Madara's opponent Hashirama
80%
genjutsu user and Asuma's wife Kurenai
79%
rinnegan user who co-founded Konoha Madara
79%
wood justu Yamato
78%
bug home Shino
77%
right arm made of sharingan Danzo
76%
immortal Hidan
76%
rapper Killer Bee
76%
Naruto's pupil and the 3rd's grandson Konohamaru
76%
orange-haired Akatsuki founder Yahiko
76%
Demon in the Mist Zabuza
76%
is avenged by Shikamaru Asuma
73%
teacher Iruka
73%
revives Gaara Chiyo
72%
Tsunade's assistant Shizune
70%
one tails Shukaku
66%
who Itachi killed to get the mangekyo Shisui
65%
fights with bones Kimimaro
63%
hot-headed trash Sakura
63%
"artist" Deidara
62%
genius Neji
56%
wields Zabuza's sword Suigetsu
55%
human tool Haku
51%
senses chakra signatures Karin
48%
No matching quizzes found
Score Distribution
Percent of People with Each Score
Percentile by Number Answered
Your Score History
You have not taken this quiz